Word Ladder: David Bowie Album Quiz Stats

 Plays Quiz Updated Aug 3, 2018

Challenge
Share
Tweet
Embed
Score 0/39 Timer 05:00
0 Plays Today
Clue 4-Letter Word % Correct
Bird's 'lips'BEAK
96.6%
Pork or chicken, e.g.MEAT
96.3%
ChairSEAT
95.9%
Surface on a shipDECK
95.8%
Time nearing sunsetDUSK
95.8%
Hit a drumBEAT
95.6%
Has toMUST
95.4%
Workspace locationDESK
95.3%
Opposite of lessMORE
95.2%
Hopping amphibianFROG
95%
Light rainMIST
94.8%
Female horseMARE
94.7%
Apple's centerCORE
94.6%
'Loser' singerBECK
94.4%
Sports orbBALL
94%
♫ ... -___ and the ... ♫•DUST•
93.7%
Cook the surface ofSEAR
93.4%
Big dance for seniorsPROM
93%
♫ Ziggy ___- ... ♫•STAR•
92.9%
Item on a stagePROP
92.4%
Clue 4-Letter Word % Correct
Home for chicksCOOP
92%
Relative of Inc.CORP.
92%
♫ ... Spiders ___ ... ♫•FROM•
91.8%
ERA or RBI, e.g.STAT
90.8%
Act of derring-doFEAT
90.3%
Greek org. on campusFRAT
89.8%
Turn liquid with heatMELT
89.1%
Type of grenadeFRAG
88.3%
NFLer from ChicagoBEAR
87.6%
SkinnyPOOP
86.9%
Fishy seminal fluidMILT
85.2%
Big Ben, e.g.BELL
84.5%
Bradley of the WizardsBEAL
78.4%
♫ ... ___ of ...•FALL•
73.4%
SateFILL
69.5%
♫ ... ____•MARS•
64.7%
AngerRILE
64.6%
A small streamRILL
63.7%
♫ The ___ and ... ♫•RISE•
54%

Today's Daily Dose

You're not logged in!

Compare scores with friends on all Sporcle quizzes.
Join for Free
OR
Log In

You Might Also Like...

Show Comments

Extras

Top Quizzes Today


Score Distribution

Your Account Isn't Verified!

In order to create a playlist on Sporcle, you need to verify the email address you used during registration. Go to your Sporcle Settings to finish the process.

Report this User

Report this user for behavior that violates our Community Guidelines.

Details: